000 00720nam a2200217 a 4500
001 BRCA_7360
005 20190320205816.0
008 280213s1945----mx-a######---#000-0#spa-#
041 _aspa
044 _amx
050 4 _aF1215
_b.V55 1945
100 1 _aVillenave, Carlos G.
_918189
245 1 0 _aOcho mil kilómetros en ocho días (la república a ojo de pájaro)
_cCarlos G. Villenave.
260 _aMéxico
_bClásica
_c1945
300 _a38 p.
_bil.
500 _aReportaje de un vuelo de circunvalación en México, realizado por un avión de la Fuerza Aérea Mexicana, llevando una misión de periodistas
500 _aQ44
651 4 _aMéxico
_xDescripción y viajes
_9103
902 _aGFM
942 _2lcc
_cB
999 _c7036
_d7036